| 000 | 00823cab a2200181 4500 | ||
|---|---|---|---|
| 001 | ##L133100 | ||
| 008 | 060411n2006 000 0 eng u | ||
| 035 | _a(Sirsi) u133100 | ||
| 041 | 0 | _aeng | |
| 100 | 1 | _aFrench, Nick | |
| 245 | 0 | 0 |
_aFreehold valuations _bthe relationship between implicit and explicit DCF methods |
| 260 | _c2006 | ||
| 490 | 0 |
_aJournal of Property Investment and Finance _v24(1) 2006, 87-91(5) |
|
| 520 | _aBy calculating the annual growth with respect to a rack-rented property, elucidates the relationship between implicit and explicit discounted cash flow (DCF) methods in freehold valuations. Finds that the advantage of the DCF model is that it makes the assumptions underlying valuation explicit. | ||
| 590 | _aIKA110406 | ||
| 690 | _aPROPERTY-PROPERTY VALUATION AND APPRAISAL | ||
| 942 | _n0 | ||
| 999 |
_c76800 _d76800 |
||